Normal view
MARC view
Entry Término temático
001 - NÚMERO DE CONTROL
- campo de control: 80625
003 - IDENTIFICADOR DEL NÚMERO DE CONTROL
- campo de control: DO-SdBNP
005 - FECHA Y HORA DE LA ÚLTIMA TRANSACCIÓN
- campo de control: 20211115105611.0
008 - DATOS DE LONGITUD FIJA
- campo de control de longitud fija: 211115|| aca||aabn | a|a d
040 ## - FUENTE DE LA CATALOGACIÓN
- Centro catalogador/agencia de origen: DO-SdBNP
- Centro/agencia transcriptor: DO-SdBNP
150 ## - ENCABEZAMIENTO--TÉRMINO DE MATERIA
- Término de materia o nombre geográfico como elemento de entrada: Responsabilidad civil
- Subdivisión de forma: Seguros
670 ## - FUENTE DE DATOS ENCONTRADOS
- Cita de la fuente: Work cat.: (DO-SdBNP)50953: Hernández Ramos, Pedro Pablo 40199, Responsabilidad civil /, 2018.
